000 00457nam a2200169Ia 4500
003 GCL
008 140319s9999 xx 000 0 ara d
040 _aGCL /
_cGCL
082 0 4 _a641.8
_bس ه
100 1 _aسوفنير
245 1 0 _aمن الطهى فى سلطات الخضار والفواكه /
_cسوفنير
300 _a136 ص
490 _a100 قصة
_v0
650 0 4 _aالاقتصاد المنزلى
650 0 4 _aالطبخ
942 _2ddc
_cBK
999 _c43457
_d43457